| 000 | 01079cam a2200229 4500 | ||
|---|---|---|---|
| 001 | WB@3612-169 | ||
| 008 | 040706n2004 000 0 eng u | ||
| 035 | _a(Sirsi) u126718 | ||
| 245 | _aRetail growth in central London eclipsed by Leeds | ||
| 260 | _c2004 | ||
| 490 |
_aDonaldsons Press Release _v28 June 2004 (3) |
||
| 520 | _aThe latest "Retail spotlight" research from Donaldsons shows that retail rental growth in Central London has cooled in comparison to regional centres such as Leeds and Liverpool, as well as other London locations such as Wandsworth and Hammersmith. The former tops the list with an annual rental growth of 7.8%, followed by Leeds and Liverpool at 4.&%. The full report can be found at http://www.donaldsons.co.uk/rcs/Reef/81610/pressof fice_pub/index.xml. | ||
| 590 | _aWB | ||
| 590 | _aWB | ||
| 650 | _aRETAIL RENTS | ||
| 650 | _aRENTAL GROWTH | ||
| 650 | _aRANKINGS | ||
| 650 | _aPROPERTY-COMMERCIAL PROPERTY-RETAIL PROPERTY-RETAIL PROPERTY MARKET | ||
| 650 | _aPRIME RENTS | ||
| 690 | _aCOMMERCIAL PROPERTY-MARKET | ||
| 942 | _n0 | ||
| 999 |
_c117655 _d117655 |
||